Statistics for Chicago West-East Streets

Click here to take the quiz!

General Stats

  • This quiz has been taken 113 times
  • The average score is 11 of 22

Answer Stats

BlockAnswer% Correct
1 N / 1 SMadison St
70%
800 NChicago Ave
67%
1600 NNorth Ave
67%
2400 NFullerton Ave
62%
2800 NDiversey Ave
61%
1200 NDivision St
59%
3600 NAddison St
58%
1200 SRoosevelt Rd
57%
3200 NBelmont Ave
55%
4000 NIrving Park Rd
54%
2000 NArmitage Ave
52%
6400 NDevon Ave
51%
4400 NMontrose Ave
51%
7600 NHoward St
49%
4800 NLawrence Ave
49%
5600 NBryn Mawr Ave
41%
5200 NFoster Ave
39%
6000 NPeterson Ave
33%
7200 NTouhy Ave
33%
600 SHarrison Blvd
30%
6800 NPratt Ave
19%
400 NKinzie St
16%

Score Distribution

Percentile by Number Answered

Percent of People with Each Score

Your Score History

You have not taken this quiz